| 000 | 01165cam a2200217Ia 4500 | ||
|---|---|---|---|
| 020 | _a9251064067 | ||
| 020 | _a9789251064061 | ||
| 040 | _cYDXCP | ||
| 082 | _a341 FOO 2009 A079 Or. | ||
| 100 | 1 | _aHodgson, Stephen. | |
| 245 | 1 | 0 |
_aCreating legal space for water user organizations : _btransparency, governance and the law / |
| 260 |
_aRome : _bFood And Agriculture Organization of the United Nations, _c2009. |
||
| 300 |
_avi, 108 p. : _bill. ; _c24 cm. |
||
| 490 | 1 | _aFAO legislative study, | |
| 520 | _aThis publication describes the experience of a number of transition countries in Central and Eastern Europe and the former Soviet Union with crafting regulatory frameworks for irrigation water users' organizations. It also seeks to distil a number of key regulatory requirements. As a result, this study serves as a design/drafting manual for policymakers and for drafters of legislation on water users' organizations.--Publisher's description. | ||
| 650 | 0 | _aIrrigation laws. | |
| 650 | 0 | _aWater-supply | |
| 710 | 2 | _aFood and Agriculture Organization of the United Nations. | |
| 856 | 4 | 1 | _uhttp://www.fao.org/docrep/012/i1120e/i1120e.pdf |
| 942 | _cEK | ||
| 999 |
_c15964 _d15964 |
||